Impact Markers in the Stratigraphic Record /

This volume is the third in a series of impact books resulting from the activities of the scientific programme, Response of the Earth System to Impact Processes (IMPACT), funded by the European Science Foundation. The volume begins with an overview of impact markers in the stratigraphic record, and...

Full description

Bibliographic Details
Main Author: Koeberl, Christian
Corporate Author: SpringerLink (Online service)
Other Authors: Martínez-Ruiz, Francisca C.
Format: eBook
Language:English
Published: Berlin, Heidelberg : Springer Berlin Heidelberg, 2003.
Series:Impact studies.
Subjects:
Online Access:Connect to the full text of this electronic book

MARC

Tag First Indicator Second Indicator Subfields
LEADER 00000cam a2200000Ma 4500
001 in00003554366
006 m o d
007 cr nn|||||||||
008 121227s2003 gw a o 000 0 eng d
005 20260422211747.7
020 |a 9783642554636 (electronic bk.) 
020 |a 3642554636 (electronic bk.) 
035 |a (OCoLC)840291999 
040 |a I9W  |b eng  |e pn  |c I9W  |d OCLCO  |d OCLCQ  |d UV0  |d OCLCO  |d GW5XE  |d OCLCF  |d UtOrBLW 
049 |a TXAM 
050 4 |a QE1-996.5 
082 0 4 |a 551  |2 23 
100 1 |a Koeberl, Christian. 
245 1 0 |a Impact Markers in the Stratigraphic Record /  |c edited by Christian Koeberl, Francisca C. Martínez-Ruiz. 
264 1 |a Berlin, Heidelberg :  |b Springer Berlin Heidelberg,  |c 2003. 
300 |a 1 online resource (XVI, 347 pages 115 illustrations) 
336 |a text  |b txt  |2 rdacontent 
337 |a computer  |b c  |2 rdamedia 
338 |a online resource  |b cr  |2 rdacarrier 
490 1 |a Impact Studies, 1612-8338 
505 0 |a From the contents: The Stratigraphic Record of Impact Events -- Application of Stratigraphic Nomenclature -- Main Geochemical Signatures Related to Meteoritic Impacts in Terrestrial Rocks -- Impact Decompression Melting: A Possible Trigger for Impact Induced Volcanism and Mantle Hotspots?- Displacement of Target Material During Impact Cratering -- Obscure-bedded Ejecta Facies from the Popigai Impact Structure, Siberia -- Biostratigraphic Indications of the Age of the Boltysh Impact Crater, Ukraine -- Ejecta of the Boltysh Impact Crater in the Ukrainian Shield -- Stratigraphy and Sedimentology of Coarse Impactoclastic Breccia Units within the Cretaceous-Tertiary Boundary Section, Albion Island, Belize -- New Geochemical Insights from Electron-Spin-Resonance Studies of Mn2+ and SO3- in Calcites -- Petrography and Geochemistry of a Deep Drill Core from the Edge of the Morokweng Impact Structure, South Africa -- Petrography and Geochemistry of a Deep Drill Core from the Edge of the Morokweng Impact Structure, South Africa -- Stratigraphy, Paleomagnetic Results and Preliminary Palynology across the Permian-Triassic (P-Tr) Boundary at Carlton Heights -- Search for an Extraterrestrial Component in the Late Devonian Alamo Impact Breccia (Nevada) -- The Osmussaar Breccia in Northwestern Estonia. 
520 |a This volume is the third in a series of impact books resulting from the activities of the scientific programme, Response of the Earth System to Impact Processes (IMPACT), funded by the European Science Foundation. The volume begins with an overview of impact markers in the stratigraphic record, and is followed by three general papers on various aspects of impact cratering, ranging from a suggested nomenclature of impact product to a treatment of the hypothesis that impacts can trigger mantle plumes. Then follow 10 original contributions on various impact deposits in the stratigraphic record, ordered by increasing age, ranging from the Late Eocene Popigai impact crater to the K-T boundary to the J-K boundary and Late Devonian and Ordovician deposits. 
500 |a Electronic resource. 
650 0 |a Geography. 
650 0 |a Geology. 
650 0 |a Physical geography. 
650 0 |a Meteorology. 
650 7 |a Geography.  |2 fast  |0 (OCoLC)fst00940469 
650 7 |a Geology.  |2 fast  |0 (OCoLC)fst00940627 
650 7 |a Meteorology.  |2 fast  |0 (OCoLC)fst01018441 
650 7 |a Physical geography.  |2 fast  |0 (OCoLC)fst01062647 
655 7 |a Electronic books.  |2 local 
700 1 |a Martínez-Ruiz, Francisca C. 
710 2 |a SpringerLink (Online service) 
830 0 |a Impact studies. 
856 4 0 |u http://proxy.library.tamu.edu/login?url=https://link.springer.com/10.1007/978-3-642-55463-6  |z Connect to the full text of this electronic book  |t 0 
994 |a 92  |b TXA 
999 |a MARS 
999 f f |s d707eaec-3ec1-3f8a-8565-eaefc0501455  |i a9f03b67-a857-3f89-aa79-a5288e20ca87  |t 0 
952 f f |a Texas A&M University  |b College Station  |c Electronic Resources  |s www_evans  |d Available Online  |t 0  |e QE1-996.5  |h Library of Congress classification 
998 f f |a QE1-996.5  |t 0  |l Available Online